Cryptogram Quote Quiz Stats

 Plays Quiz Updated Nov 8, 2015

Also try: Cryptogram: Beer!
Challenge
Share
Tweet
Score 0/95 Timer 03:00
9 Plays Today
% Correct
Ι' 
98.3%
Ι 
98.3%
Ι 
98.3%
Ι 
98.3%
Ι 
98.3%
''Ι'
98.3%
Ι 
98.3%
Ι 
98.3%
Μ 
97.4%
Μ 
97.4%
Μ 
97.4%
Μ 
97.4%
Μ 
97.4%
-Μ 
97.4%
Μ 
97.4%
Ο 
94.1%
Ο 
94.1%
Ο 
94.1%
Ο 
94.1%
Ο 
94.1%
Ο 
94.1%
O 
94.1%
O 
94.1%
Τ 
91.8%
Τ 
91.8%
Τ 
91.8%
Τ 
91.8%
Τ 
91.8%
Τ 
91.8%
T 
91.8%
Τ 
91.8%
Y 
91.3%
% Correct
Y' 
91.3%
F 
89.6%
F 
89.6%
Ε 
89.5%
Ε 
89.5%
Ε 
89.5%
Ε 
89.5%
Ε 
89.5%
Ε 
89.5%
Ε 
89.5%
Ε 
89.5%
Ε 
89.5%
E 
89.5%
Η 
88.2%
Η 
88.2%
Η 
88.2%
Η 
88.2%
Η 
88.2%
Η 
88.2%
Η 
88.2%
Η 
88.2%
W 
88.1%
W 
88.1%
W 
88.1%
Ν 
87.2%
Ν 
87.2%
Ν 
87.2%
Ν 
87.2%
R 
86.9%
R 
86.9%
R 
86.9%
R.'' 
86.9%
% Correct
R 
86.9%
G 
86.3%
G 
86.3%
G 
86.3%
G 
86.3%
G 
86.3%
G 
86.3%
C 
85.6%
C 
85.6%
S. 
85.5%
S 
85.5%
S 
85.5%
S 
85.5%
L 
85.3%
L 
85.3%
L 
85.3%
Α 
85%
Α 
85%
Α 
85%
A 
85%
D 
84.5%
D 
84.5%
D 
84.5%
Κ 
84.4%
Κ 
84.4%
Κ 
84.4%
U 
79.8%
U 
79.8%
J 
77.3%
Ρ 
77%
Β 
73.4%

You're not logged in!

Compare scores with friends on all Sporcle quizzes.
OR
Log In

You Might Also Like...

Show Comments

Extras

Top Quizzes Today


Score Distribution

Your Account Isn't Verified!

In order to create a playlist on Sporcle, you need to verify the email address you used during registration. Go to your Sporcle Settings to finish the process.

Report this User

Report this user for behavior that violates our Community Guidelines.

Details: